000 00236nam a22000857a 4500
008 161116b xxu||||| |||| 00| 0 eng d
100 _91262
_aChaitanya. K
245 _aHow india won her freedom
260 _aNew delhi
_bNational book trust
_c2006
999 _c3965
_d3965